000 01481nam a2200469 i 4500
001 6131
003 KOSZ 005
005 20191004134829.0
008 070929s1971 pl a f f |000 0 pol
015 _aPB 1972/2445
035 _a991036907449705066
035 _a(PL-WaBN)b19905427-48omnis_nlop
035 _ab19905427
035 _a(OCoLC)749819757
035 _a(PL)b0000001990542
035 _a(EXLNZ-48OMNIS_NETWORK)9910149748005606
040 _aWA N
_cWA N
_dKOSZ 005/EC
041 _apol
046 _k1970
080 _a621.9
100 1 _aKaczmarek, Jan
_d(1920-2011)
_eAutor
245 1 0 _aPodstawy obróbki wiórowej, ściernej i erozyjnej /
_cJan Kaczmarek.
250 _aWyd. 2.
260 _aWarszawa :
_bWydawnictwa Naukowo-Techniczne,
_c1971.
300 _a848, [3] s. :
_bil. ;
_c23 cm.
336 _2rdacontent
_aTekst
_btxt
337 _2rdamedia
_aBez urządzenia pośredniczącego
338 _2rdacarrier
_aWolumin
_bnc
380 _aKsiążki
380 _aPublikacje dydaktyczne
385 _mPoziom nauczania
_aSzkoły wyższe
388 _a1901-2000
388 _a1945-1989
504 _aBibliogr.
650 7 _aSkrawanie
655 7 _aPodręczniki
658 _aInżynieria i technika
710 2 _aWydawnictwa Naukowo-Techniczne
_4pbl.
856 _uhttp://koha.tu.koszalin.pl/cgi-bin/koha/opac-detail.pl?biblionumber=6131
_yKatalog online BPK
942 _2UKD
_cKS
999 _c6131
_d6131